| 000 | 00781cam a22002411 4500 | ||
|---|---|---|---|
| 001 | pa 62000124 | ||
| 003 | DLC | ||
| 005 | 20260227111856.0 | ||
| 008 | 791012s1962 dcu 000 0 eng c | ||
| 010 | _apa 62000124 | ||
| 035 | _a(OCoLC)5521503 | ||
| 040 |
_aPan American Union. Library _cNGenoU _dDLC |
||
| 042 | _apremarc | ||
| 043 | _acl----- | ||
| 050 | 0 | 0 |
_aF1405.5 1959 _b.O7 OEA/ser.L/X.II.1 rev. 2 |
| 110 | 2 |
_aOrganization of American States. _bSpecial Consultative Committee on Security. |
|
| 245 | 1 | 0 | _aInitial general report. |
| 260 |
_aWashington, _bPan American Union, _c1962. |
||
| 300 |
_a70 p. _c28 cm. |
||
| 490 | 1 | _aOEA/ser.L/X/II.1, rev. 2 (English) | |
| 650 | 0 |
_aCommunism _zLatin America. |
|
| 830 | 0 |
_aOAS official records ; _vOEA/ser. L/X/II.1, rev. 2. |
|
| 999 |
_c51503 _d51503 |
||